LIBRARY & INFORMATION CENTRE, KCAET, TAVANUR

ONLINE PUBLIC ACCESS CATALOGUE (OPAC)

Malviyathi ka lok / (Record no. 2579)

MARC details
000 -LEADER
fixed length control field 00366cam a2200145ua 4500
041 ## - LANGUAGE CODE
Language code of text/sound track or separate title hin
082 ## - DEWEY DECIMAL CLASSIFICATION NUMBER
Classification number 891.43
Item number MAL/MA
100 ## - MAIN ENTRY--AUTHOR NAME
Personal name Malviya, Patrikanth P .
245 ## - TITLE STATEMENT
Title Malviyathi ka lok /
260 ## - PUBLICATION, DISTRIBUTION, ETC. (IMPRINT)
Place of publication :
Name of publisher Naranan Pallikke Ifas ,
Year of publication 1962.
300 ## - PHYSICAL DESCRIPTION
Number of Pages 262 ; .
942 ## - ADDED ENTRY ELEMENTS (KOHA)
Koha item type Books
Holdings
Withdrawn status Lost status Damaged status Home library Current library Date acquired Full call number Accession Number Koha item type
Withdrawn     KAUAET Sanskrit University 07/04/2012 891.43 4987 Books
free website counter